LEADER 02931nam 2200553 450 001 9910795249503321 005 20230818111739.0 010 $a1-9788-1983-8 024 7 $a10.36019/9781978819832 035 $a(CKB)4940000000610282 035 $a(MiAaPQ)EBC6715773 035 $a(Au-PeEL)EBL6715773 035 $a(DE-B1597)611925 035 $a(OCoLC)1266361687 035 $a(DE-B1597)9781978819832 035 $a(EXLCZ)994940000000610282 100 $a20220607d2021 uy 0 101 0 $aeng 135 $aurcnu|||||||| 181 $ctxt$2rdacontent 182 $cc$2rdamedia 183 $acr$2rdacarrier 200 10$aRobin and the making of American adolescence /$fLauren R. O'Connor 210 1$aNew Brunswick :$cRutgers University Press,$d[2021] 210 4$d©2021 215 $a1 online resource (223 pages) 225 1 $aComics Culture 311 $a1-9788-1980-3 320 $aIncludes bibliographical references and index. 327 $tFrontmatter --$tCONTENTS --$tINTRODUCTION --$tCHAPTER 1. THE SECRET ORIGINS OF ADOLESCENCE --$tCHAPTER 2. ROBIN, NIGHTWING, BATMAN --$tCHAPTER 3. GIRLS WONDER --$tCHAPTER 4. MIXED SIGNALS --$tCHAPTER 5. THE SIDEKICK ON SCREEN --$tCONCLUSION --$tACKNOWLEDGMENTS --$tNOTES --$tBIBLIOGRAPHY --$tINDEX --$tABOUT THE AUTHOR 330 $aHoly adolescence, Batman! Robin and the Making of American Adolescence offers the first character history and analysis of the most famous superhero sidekick, Robin. Debuting just a few months after Batman himself, Robin has been an integral part of the Dark Knight?s history?and debuting just a few months prior to the word ?teenager? first appearing in print, Robin has from the outset both reflected and reinforced particular images of American adolescence. Closely reading several characters who have ?played? Robin over the past eighty years, Robin and the Making of American Adolescence reveals the Boy (and sometimes Girl!) Wonder as a complex figure through whom mainstream culture has addressed anxieties about adolescents in relation to sexuality, gender, and race. This book partners up comics studies and adolescent studies as a new Dynamic Duo, following Robin as he swings alongside the ever-changing American teenager and finally shining the Bat-signal on the latter half of ?Batman and?.? 410 0$aComics culture. 606 $aSuperheroes 606 $aSidekicks in literature 606 $aAdolescence in literature 610 $abørne- og ungdomslitteratur. 610 $absup. 615 0$aSuperheroes. 615 0$aSidekicks in literature. 615 0$aAdolescence in literature. 676 $a741.5/973 700 $aO'Connor$b Lauren R.$01537114 801 0$bMiAaPQ 801 1$bMiAaPQ 801 2$bMiAaPQ 906 $aBOOK 912 $a9910795249503321 996 $aRobin and the making of American adolescence$93786238 997 $aUNINA LEADER 03831oam 2201081zu 450 001 9911020370103321 005 20251116152432.0 010 $a3-527-60973-3 035 $a(CKB)1000000000377094 035 $a(SSID)ssj0000353871 035 $a(PQKBManifestationID)11258808 035 $a(PQKBTitleCode)TC0000353871 035 $a(PQKBWorkID)10288673 035 $a(PQKB)10420368 035 $a(EXLCZ)991000000000377094 100 $a20160829d2000 uy 101 0 $aeng 181 $ctxt 182 $cc 183 $acr 200 00$aAuditory worlds : sensory analysis and perception in animals and man : final report of the collaborative research centre 204, "Nachrichtenaufnahme und -verarbeitung im Hörsystem von Vertebraten (Munich)", 1983-1997 210 31$a[Place of publication not identified]$cWiley VCH$d2000 300 $aBibliographic Level Mode of Issuance: Monograph 311 08$a3-527-27587-8 606 $aHearing Disorders 606 $aPsychoacoustics 606 $aBrain 606 $aAuditory Perception 606 $aPsychophysics 606 $aCentral Nervous System 606 $aSensation Disorders 606 $aPerception 606 $aEar Diseases 606 $aAudiometry 606 $aHearing Tests 606 $aOtorhinolaryngologic Diseases 606 $aBehavioral Disciplines and Activities 606 $aNervous System 606 $aNeurologic Manifestations 606 $aDiagnostic Techniques and Procedures 606 $aMental Processes 606 $aBehavioral Sciences 606 $aAnatomy 606 $aNervous System Diseases 606 $aDiagnostic Techniques, Otological 606 $aPsychiatry and Psychology 606 $aDiagnosis 606 $aPsychological Phenomena and Processes 606 $aSigns and Symptoms 606 $aDisease 606 $aAnalytical, Diagnostic and Therapeutic Techniques and Equipment 606 $aPathological Conditions, Signs and Symptoms 606 $aNeuroscience$2HILCC 606 $aHuman Anatomy & Physiology$2HILCC 606 $aHealth & Biological Sciences$2HILCC 615 2$aHearing Disorders. 615 2$aPsychoacoustics. 615 2$aBrain. 615 2$aAuditory Perception. 615 2$aPsychophysics. 615 2$aCentral Nervous System. 615 2$aSensation Disorders. 615 2$aPerception. 615 2$aEar Diseases. 615 2$aAudiometry. 615 2$aHearing Tests. 615 2$aOtorhinolaryngologic Diseases. 615 2$aBehavioral Disciplines and Activities. 615 2$aNervous System. 615 2$aNeurologic Manifestations. 615 2$aDiagnostic Techniques and Procedures. 615 2$aMental Processes. 615 2$aBehavioral Sciences. 615 2$aAnatomy. 615 2$aNervous System Diseases. 615 2$aDiagnostic Techniques, Otological. 615 2$aPsychiatry and Psychology 615 2$aDiagnosis. 615 2$aPsychological Phenomena and Processes 615 2$aSigns and Symptoms. 615 2$aDisease. 615 2$aAnalytical, Diagnostic and Therapeutic Techniques and Equipment 615 2$aPathological Conditions, Signs and Symptoms. 615 7$aNeuroscience 615 7$aHuman Anatomy & Physiology 615 7$aHealth & Biological Sciences 702 $aManley$b Geoffrey A 712 02$aCollaborative Research Centre 204 "Nachrichtenaufnahme und -verarbeitung im Ho?rsystem von Vertebraten (Munich)", 801 0$bPQKB 906 $aBOOK 912 $a9911020370103321 996 $aAuditory worlds : sensory analysis and perception in animals and man : final report of the collaborative research centre 204, "Nachrichtenaufnahme und -verarbeitung im Hörsystem von Vertebraten (Munich)", 1983-1997$94418510 997 $aUNINA